Central Library OPAC University of Rajshahi

Literary comprehension and appreciation pieces / (Record no. 7857)

MARC details
000 -LEADER
fixed length control field 00766nam a22002412i 4500
001 - CONTROL NUMBER
control field 7857
003 - CONTROL NUMBER IDENTIFIER
rucl marc code BD-RjUL
005 - DATE AND TIME OF LATEST TRANSACTION
control field 20211208234504.0
008 - FIXED-LENGTH DATA ELEMENTS--GENERAL INFORMATION
fixed length control field 140116r19691963enk 000 0 eng d
035 ## - SYSTEM CONTROL NUMBER
System control number (BD-RjUL)7901
-- OCLC ocm30222341 from D951026M
040 ## - CATALOGING SOURCE
Original cataloging agency UKM
Transcribing agency UKM
Modifying agency EQO
-- BD-RjUL
Language of cataloging eng
041 ## - LANGUAGE CODE
Language code of text/sound track or separate title eng
082 00 - DEWEY DECIMAL CLASSIFICATION NUMBER
Classification number 428.43
Edition number 20
Author mark and year HIL 1969
100 1# - MAIN ENTRY--PERSONAL NAME
Personal name Hill, L. A.
Fuller form of name (Leslie Alexander)
9 (RLIN) 24514
245 10 - TITLE STATEMENT
Title Literary comprehension and appreciation pieces /
Statement of responsibility, etc. by L. A. Hill
260 ## - PUBLICATION, DISTRIBUTION, ETC. (IMPRINT)
Place of publication, distribution, etc. London :
Date of publication, distribution, etc. 1963 [impressipn 1969].
Name of publisher, distributor, etc. Oxford University Press,
300 ## - PHYSICAL DESCRIPTION
Pagination VIII, 120 p. ;
Size 19 cm
650 #0 - SUBJECT ADDED ENTRY--TOPICAL TERM
Topical term or geographic name as entry element Reading comprehension.
9 (RLIN) 3544
Topical term or geographic name as entry element English literature.
9 (RLIN) 24515
700 1# - ADDED ENTRY--PERSONAL NAME
Personal name May, Derwent James.
942 ## - ADDED ENTRY ELEMENTS (KOHA)
Source of classification or shelving scheme Dewey Decimal Classification
Koha item type Books
Holdings
Lost status Source of classification or shelving scheme Damaged status Not for loan Collection code Permanent Location Current Location Shelving location Date acquired Source of acquisition Cost, normal purchase price Total Checkouts Full call number Date last seen Copy number Koha item type
  Dewey Decimal Classification   Not For Loan Non-fiction Central Library, University of Rajshahi Central Library, University of Rajshahi   22/12/1970 Swet and Zuitlinger 0.00   428.43 HIL 1969 16/01/2014 C-1 Books